LEADER 01072nam 2200373 450 001 9910131535103321 005 20221015122331.0 010 $a953-51-5057-X 010 $a953-51-2164-2 035 $a(CKB)3710000000493004 035 $a(NjHacI)993710000000493004 035 $a(EXLCZ)993710000000493004 100 $a20221015d2015 uy 0 101 0 $aeng 135 $aur||||||||||| 181 $ctxt$2rdacontent 182 $cc$2rdamedia 183 $acr$2rdacarrier 200 00$aIon Exchange $eStudies and Applications /$fedited by Ayben Kilislioglu 210 1$aCroatia :$cIntechOpen,$d2015. 215 $a1 online resource (206 pages) $cillustrations 320 $aIncludes bibliographical references. 517 $aIon exchange 517 $aIon Exchange - Studies and Applications 606 $aIon exchange 615 0$aIon exchange. 676 $a541.3723 702 $aKilislioglu$b Ayben 801 0$bNjHacI 801 1$bNjHacl 906 $aBOOK 912 $a9910131535103321 996 $aION exchange$9128109 997 $aUNINA